10 Smallest Capitals (Population) - Statistics

General Stats
  • This quiz has been taken 15 times
  • The average score is 6 of 10
Answer Stats
Hint Answer % Correct
Vatican City
93%
Vaduz
86%
Funafuti
79%
Palikir
71%
San Marino
71%
Valletta
64%
Basseterre
50%
Least Populated Ngerulmud
50%
Yaren
50%
Most Populated Roseau
29%
No matching quizzes found
Score Distribution
Percent of People with Each Score
Percentile by Number Answered
Your Score History
You have not taken this quiz